[Event "Karel Prucha Memorial"]
[Site "Prague"]
[Date "2017.07.09"]
[Round "9"]
[White "Vojtech, Riha"]
[Black "Macdonald, Paul"]
[Result "0-1"]
[WhiteElo "2032"]
[BlackElo "1986"]
[Annotator "Paul Macdonald"]
[PlyCount "100"]
[EventDate "2017.??.??"]

1. e4 d6 2. d4 Nf6 3. Bd3 {This system is fairly innocuous. Fortunately I had
studied the system just a few days ago in preparation for my game with IM
Alexander Chudinovskikh.} e5 4. c3 g6 {I knew} (4... d5 {was possible too but
my analysis in the past didn't convince me to play this way. It is important
to know this idea however as it is a possibility of great importance as it was
in this game.} 5. dxe5 Nxe4 {is possible} ({Or even} 5... dxe4)) 5. Nf3 Nbd7 6.
O-O Bg7 7. h3 O-O 8. Be3 Re8 {I was reluctant to play this move because if
white plays d4-d5, black's rook is really better on f8 looking for f7-f5. I
figured that the loss of one tempo to encourage white to close the position
was not too much to lose. I don't think I would play this way again as a tempo
is a tempo and everything counts. For a long time I considered the move} (8...
d5 {See my notes at the beginning of this game. I chose Re8 in the end, but
soon after playing Re8 I realised with ...d6-d5 was indeed the best way to
continue. The reason I decided not to play the move was because after} 9. Nxe5
(9. exd5 e4 $19) ({or} 9. dxe5 Nxe4 10. e6 $5 fxe6 11. Bxe4 dxe4 12. Ng5 Ne5 {
unclear}) 9... Nxe5 10. dxe5 Nxe4 11. f4 {I thought f6 would be great with my
rook on e8 hitting the e3-bishop. The truth is ...f7-f6 is fine for black here
and secures an equal game.}) 9. Nbd2 b6 (9... d5 {
now isn't quite as good as it was before} 10. Nxe5 Nxe5 11. dxe5 Nxe4 (11...
Rxe5 12. f4 Re8 13. e5 {is bad for black}) 12. f4 f6 {The difference here is
white can take the knight on e4 and then quickly clear the d-file with Bc4+.
The opening of lines favours white because he has the better development.} 13.
Nxe4 dxe4 14. Bc4+ Kh8 15. Qxd8 Rxd8 16. Rad1 Bd7 17. f5 $1 gxf5 18. e6 Ba4 19.
Rxd8+ Rxd8 20. Rxf5 {with advantage for white}) 10. Qb3 {I was surprised by
this move. It essentially means white is not going to play d4-d5 as the knight
can come into c5 with tempo. Riha's idea is to force the rook to f8 with Bc4
and Ng5 and I don't really mind as my position isn't any worse after this
because of the pressure on the e4-pawn.} Bb7 11. Bc4 Qe7 {Diagram #} 12. Rae1 (
12. Ng5 Rf8 13. f4 {The only way to justify white's play} h6 14. Ngf3 Nxe4 {
and black is better}) 12... h6 {Ok, finally I am ready to play d6-d5 again} 13.
Nh4 {Riha shows his aggression. The immediate threat is Nxg6 which looks
difficult to counter. The idea I found over the board was quite surprising -
how about we just ignore the threat!} Nxe4 $1 {The sharpest response. Another
option I considered was 13... Kf8 which looks strange but is fine for Black.
13... Nf8 is ok too, I actually didn't even consider this move over the board.
Petrosian must be turning in his grave!} 14. Nxe4 ({The point is that} 14. Nxg6
$2 {is met by} Qf6 $1 {trapping the knight}) (14. Nhf3 Nxd2 15. Nxd2 {
just leaves white a pawn down with no compensation}) 14... Bxe4 {Diagram #This
is already the critical position of the game. If you were White what would you
choose? You will need to analyse deep and hard to find the answers.} 15. f4 {
A poor choice that just loses material. The only way to continue is} (15. f3 $1
{And there is only one move for Black that keeps an edge.} Bc6 $1 (15... Bb7 {
fails to} 16. Nxg6 Qf6 17. Qc2 {and now} d5 {doesn't work here} 18. Nxe5 dxc4
19. Nxd7) 16. Nxg6 Qf6 17. Bd3 (17. Qc2 d5) 17... exd4 (17... d5 18. Nxe5 Nxe5
19. dxe5 Rxe5 20. Bd4 Qf4 21. Bxe5 Bxe5) 18. cxd4 (18. Bxd4 Qg5) 18... d5 19.
Ne5 Nxe5 20. dxe5 Rxe5 {and Black is clearly better. This is complex stuff
that I have to admit I didn't see over the board.}) ({Another option is} 15.
Bxh6 d5 16. Bxg7 (16. Rxe4 dxc4 $1 17. Qxc4 Bxh6 18. Nxg6 Qe6 {
and black is in the drivers seat}) 16... dxc4 17. Qxc4 Qxh4 18. dxe5 (18. Bxe5
Bxg2 $3 $19) 18... Kxg7 19. Rxe4 Qh5 {and black is clearly better again}) 15...
exd4 $1 16. Bxd4 Bxd4+ 17. cxd4 {The whole point of 13...Nxe4 was to win two
pieces for a rook and a pawn. I felt this would give me a clear advantage in
the endgame and as we soon find out, it turns out I was correct. Another key
reason why Black is better is the bishop on e4 is a monster piece with no
equal. White almost would be wise to sacrifice his rook for it but never gets
the chance to do so under good circumstances.} Qxh4 18. Bxf7+ Kg7 {An opportuni
ty for greater discipline on my part. I didn't consider all the alternatives
and if they differed in value. 18... Kf8 was better keeping the king less
exposed} 19. Bxe8 Rxe8 20. Qc3 {
The best move in the circumstances but insufficient for equality all the same}
Qf6 21. Qxc7 Qxd4+ {The tempting} (21... Re7 {fails to} 22. Rxe4 $10) 22. Kh2
Re7 {Diagram #} 23. Qd8 {I don't know why Riha didn't take the a7-pawn here.
23.Qxa7 Black should still be better but it wouldn't be easy to win this game.
I intended to continue with d5 securing the monster bishop. White is under
pressure here because the b2-pawn is hanging and Qd2 is threatened with an
attack on g2 and f4.} Kf7 (23... Rf7 {was also good.}) 24. f5 {This line forces
the win of black's queen but white has to give up both rooks - the price is
too high.} Qe5+ 25. Kg1 gxf5 26. Rxf5+ Qxf5 27. Rf1 Qxf1+ 28. Kxf1 {White does
his best now to harass the black king but in reality once black coordinates
his minor pieces the game is already decided. Actually black's strength lies
in the passed d-pawn that cannot be stopped from advancing all the way to
queen.} d5 {Starting the pawn push.} 29. Qh8 {
Attacking the h-pawn but also preventing the d-pawn from advancing} Re6 {
White tries desperately to seek counterplay by pushing his own pawns.} 30. g4
Ne5 {After waiting patiently for 25 moves, the knight finally comes into the
game with decisive effect. It's purpose is not to attack the king but rather
to support the passed d-pawn advancing further} 31. Qd8 {Riha desperately
tries to prevent the d-pawn pushing forward but it is a hopeless task} Nf3 $1 {
Supporting the d4 and d2 squares so the pawn can be pushed. Laser focus logic
- I felt this is what a GM must think like.} 32. h4 d4 $1 {I knew 32... Nh2+
won a pawn but I decided that queening my d-pawn whilst not allowing my
opponent to improve his king was strategically best} 33. g5 hxg5 34. h5 d3 35.
h6 d2 {The pawn marches forward relentlessly! What a wonderful piece the
knight on f3 is!} 36. h7 {
More desperation. Riha sacrifices his h-pawn to try and expose my king} Bxh7
37. Qd7+ {A key juncture. White is absolutely lost but black still needs to be
very careful as a piece can easily be dropped or perpetual check is in the air.
} Kf6 {Not taking any chances.} (37... Re7 {was also good enough but difficult
to calculate when you have less than 3 minutes on the clock!}) 38. Kf2 $2 (38.
Qd8+ {was a better practical try.}) 38... Bc2 {
The power move to leave no doubt on the outcome of the game.} 39. Qd8+ Kg6 {
Getting myself closer to the 40 move mark when a 30 minutes bonus is given to
both players.} 40. Qg8+ Kf6 {
Diagram #Ok. I made 40 moves! - now I can relax and find the path to victory!}
41. Qf8+ {I found a solution to get out of all the checks. Can you find it?}
Kg6 (41... Ke5 {was very tempting but a move that has to be played on
intuition more than anything because of the myriad of checking possibilities.
It is hard to believe the purpose of Ke5 is to bring the king to the safe
square g7!} 42. Qb8+ Kf5 43. Qf8+ Rf6 44. Qc8+ Ke5 45. Qc7+ Ke6 46. Qc4+ Ke7
47. Qc7+ Kf8 48. Qd8+ Kg7 49. Qd7+ Rf7 {and finally the checks run out. I
suspect most humans would struggle to see all of this.}) 42. Qg8+ Kh5 (42...
Kf5 43. Qh7+ Rg6 44. Qd7+ Ke4 {
is another crazy line that defies human intelligence}) 43. Qf7+ Kh4 {
The king finds safety! It is in fact the only move that wins.} 44. Qxf3 {
Diagram #What would you play here? Can you secure an easy victory?} Rf6 $1 {
A nice move to play but surprisingly it wasn't the most creative move. The
point is Black's rook will be lost anyway so why not do so under favourable
circumstances.} (44... d1=Q 45. Qg3+ {
allows more counterplay. The stunning move was}) (44... Re3 $3 {It would have
been a wonderful find but I already found Rf6 and it was good enough. Still I
wished I had found this move - it is quite beautiful.} 45. Qh1+ (45. Kxe3 d1=Q)
(45. Qxe3 d1=N+) 45... Rh3) 45. Qxf6 d1=Q {
I had calculated the checks will run out} 46. Qh8+ Kg4 47. Qc8+ Bf5 48. Qc4+
Kh3 49. Qc3+ Qd3 50. Qh8+ Kg4 {And this is the point - with no more checks
available, white finally decided to resign.} 0-1